00742nam a2200253 a 4500001001300000003000900013005001700022008004100039020001000080082002000090100001700110245001800127260004700145300000900192500003500201505001700236650002600253650003700279700001700316902000800333942000700341952012300348999001700471nice12345678IN_TiNIC20260116015256.0050524s1989 chia grp 000 0 eng  ac10000a923.705491bSUL aSuleri, Sara aMeatless Days aChicagobUniversity of Chicago Pressc1989 a186p aincludes index and biblioraphy2 aBibliography aBiography-Sara Suleri aPakistan-Social Life and Customs1 aSuleri, Sara bSRS cBK 001040708StackRoom-aHMIbHMId2007-06-06g100.00l0o923.705491 SULp11000511r2007-06-06v100.00w2005-05-24yBK c19026d19026